LEADER 01193nam a2200277 i 4500 001 000000092757 003 CaOOAMICUS 005 20051209000000.0 008 051209s2005 it u000 u ita u 013 $a64999 020 $a88-213-0582-1 040 $aSeMil$bita 100 1 $aAlessi, Adriano ,$c.$0(OLS)http://semarc/name/16067 245 10$aSui sentieri del sacro :$bintroduzione alla filosofia della religione /$cAdriano Alessi. 250 $a2. edizione riveduta ed aggiornata. 260 $aRoma :$bLAS,$ccopyr. 2005. 300 $a357 p. ;$c24 cm. 490 0 $aBiblioteca di scienze religiose ;$v135 500 $aContiene : Bibliografia. 650 4$aFilosofia della religione.$0(OLS)http://semarc/subject/504 830 0$aBiblioteca di scienze religiose ;$v135.$0(OLS)http://semarc/title/239 850 $aSeMil 852 $aSeMil$W1$xVenegono$y1$m2UA C 135$j228551$B55612$CSeMilBibl$Z2$F60358 $81 996 $6020$a88-213-0582-1$9(OLS)http://semarc/number/72987 996 $6245$aSui sentieri del sacro :$bintroduzione alla filosofia della religione$9(OLS)http://semarc/title/138909 996 $6260$aRoma :$bLAS$9(OLS)http://semarc/publisher/29900 LEADER 00979nam a2200241 i 4500 001 000000124841 003 CaOOAMICUS 005 20040331000000.0 008 040331s1942 be u000 u fre u 013 $a97538 040 $aSeMil$bita 100 1 $aPeeters, Paul.$0(OLS)http://semarc/name/5448 245 12$aL'oeuvre des bollandistes /$cpar P. Peeters. 260 $aBruxelles :$bPalais des Académies,$c1942. 300 $a127 p. ;$c26 cm. 490 0 $aSubsidia hagiographica ;$v24 650 4$aAgiografia - Bollandisti.$0(OLS)http://semarc/subject/2634 650 4$aBollandisti - Storia.$0(OLS)http://semarc/subject/24175 830 0$aSubsidia hagiographica ;$v24.$0(OLS)http://semarc/title/570 850 $aSeMil 852 $aSeMil$W1$xVenegono$y1$mSL1.S II 24$j79356$B79356$CSeMilBibl$Z2$F81522 $8I 996 $6245$aL'oeuvre des bollandistes$9(OLS)http://semarc/title/183765 996 $6260$aBruxelles :$bPalais des Académies$9(OLS)http://semarc/publisher/46386